| 000 | 00548nam a2200193 a 4500 | ||
|---|---|---|---|
| 001 | 3503 | ||
| 003 | CDMR | ||
| 005 | 20131106101120.0 | ||
| 008 | 130130s1966||||||||||||||||||||||||||||d | ||
| 040 |
_aCDMR _bcat _cCDMR |
||
| 100 | 1 |
_aGasca, Luís _92516 |
|
| 245 | 1 | 0 |
_aTebeo y cultura de masas _cLuis Gasca ; prólogo de Juan J. López Ibor |
| 260 |
_aMadrid _c1966 _bPrensa Española |
||
| 300 |
_a249 p. _bil. b/n |
||
| 490 | 0 |
_aVislumbres _v2 |
|
| 650 | 0 | 4 |
_93313 _aCòmics _xHistòria i crítica |
| 650 | 0 | 4 |
_93478 _aCultura de massa |
| 942 |
_cMON _2udc |
||
| 999 |
_c3503 _d3503 |
||